00562 2200205 4500001002100000005001700021008004100038035002400079082001100103090001800114100002700132245007800159250001100237260003800248300001900286650001800305850001200323985000600335999001500341YOGYA-0209000005211220090227032906.0 ind  0010-020900000052112 a899.23 a899.23bAli P aAlisjahbana, S. Takdir aPerjuangan tanggung jawab dalam kesusasteraancoleh S. Takdir Alisjahbana aCet. 1 aJakartabDunia Pustaka Jayac1977 a180 hlmc21 cm aKesusasteraan aYOPDYOG a1 aP000008389